000 00283nam a22001337a 4500
008 170808b xxu||||| |||| 00| 0 eng d
020 _a9780130796608
041 _aeng
080 _a004
100 _a35
101 _aSHKI
245 _aNOT JUST JAVA
_cLINDEN, P
942 _2udc
_cBK
999 _c22917
_d22917